Största städerna på Q i Asien, enligt bild - Statistics

General Stats
  • This quiz has been taken 2 times
  • The average score is 6 of 20
Answer Stats
Picture Hint Answer % Correct
🇨🇳 6 170 000 Qīngdǎo
100%
🇮🇷 400 000 Qazvin
50%
🇨🇳 470 000 Qiān'ān
50%
🇨🇳 350 000 Qīngzhèn
50%
🇨🇳 530 000 Qīngzhōu
50%
🇨🇳 770 000 Qīnzhōu
50%
🇨🇳 1 030 000 Qiqihar
50%
🇮🇷 1 200 000 Qom
50%
🇨🇳 1 470 000 Quánzhōu
50%
🇵🇰 1 000 000 Quetta
50%
🇨🇳 580 000 Qúzhōu
50%
🇨🇳 490 000 Qiánjiāng
0%
🇨🇳 580 000 Qǐdōng
0%
🇨🇳 500 000 Qíjiāng
0%
🇨🇳 1 200 000 Qīngyuǎn
0%
🇨🇳 1 520 000 Qínhuángdǎo
0%
🇨🇳 320 000 Qiónglái
0%
🇨🇳 430 000 Qītáihé
0%
🇨🇳 400 000 Qūfù
0%
🇨🇳 980 000 Qǔjìng
0%
No matching quizzes found
Score Distribution
Percent of People with Each Score
Percentile by Number Answered
Your Score History
You have not taken this quiz